| 000 | 00587nam a22002177a 4500 | ||
|---|---|---|---|
| 003 | OSt | ||
| 005 | 20240625161733.0 | ||
| 008 | 170324b xxu||||| |||| 00| 0 eng d | ||
| 020 | _a0136068286 | ||
| 040 | _cDDC. | ||
| 082 | _a553.7 VIE 2005 | ||
| 100 |
_aViessman,Warren; [et..al] _911954 |
||
| 245 | _aWater Supply and Pollution Control: | ||
| 250 | _a8th ed. | ||
| 260 |
_aNew Jersey: _bPearson Prentice Hall; _c2009 |
||
| 300 |
_axv,867p; _biil: _c25cm. |
||
| 504 | _aincludes index. | ||
| 650 |
_awater supply _9809 |
||
| 650 |
_apollution control _917892 |
||
| 942 |
_2ddc _cO_SHELF |
||
| 999 |
_c5743 _d5743 |
||